000
00311nam a22001337a 4500
008
170928b xxu||||| |||| 00| 0 eng d
020
_a
41009567900000222085
041
_a
eng
080
_2
5TH
_a
37
100
_a
47
101
_a
EDU
245
_a
EARLY CHILDHOOD LANGUAGE ARTS
_c
JALONGO,M,R
942
_2
udc
_c
BK
999
_c
30504
_d
30504